Capitals but all Vowels are Changed to “O” - Statistics

General Stats
  • This quiz has been taken 861 times
  • The average score is 14 of 15
Answer Stats
Capital Capital % Correct
Boojong Beijing
99%
Bodopost Budapest
98%
Goorgotown Georgetown
98%
Hovono Havana
98%
Djobooto Djibouti
97%
Ottowo Ottawa
97%
Soool Seoul
97%
Conborro Canberra
95%
Boorot Beirut
91%
Cooro Cairo
90%
Poros Paris
87%
Qooto Quito
85%
Sono’o Sana’a
76%
Sovo Suva
76%
Opoo Apia
68%
No matching quizzes found
Score Distribution
Percent of People with Each Score
Percentile by Number Answered
Your Score History
You have not taken this quiz